| 000 -LEADER |
| fixed length control field |
00766nam a2200253Ia 4500 |
| 001 - CONTROL NUMBER |
| control field |
962 |
| 003 - CONTROL NUMBER IDENTIFIER |
| control field |
GE_BSU |
| 008 - FIXED-LENGTH DATA ELEMENTS--GENERAL INFORMATION |
| fixed length control field |
181216s||||||||xx |||||||||||||| ||und|| |
| 020 ## - INTERNATIONAL STANDARD BOOK NUMBER |
| International Standard Book Number |
9785222138243 |
| 040 ## - CATALOGING SOURCE |
| Transcribing agency |
GE_BSU |
| 080 ## - UNIVERSAL DECIMAL CLASSIFICATION NUMBER |
| Universal Decimal Classification number |
159.922.7 |
| 100 ## - MAIN ENTRY--PERSONAL NAME |
| Personal name |
Истратова. О.Н; Широкова. Г.А; Эксакусто. Т.В; |
| 245 ## - TITLE STATEMENT |
| Title |
Большая книга детского психолога. |
| 245 ## - TITLE STATEMENT |
| Remainder of title |
Серия ,,Психологический практикум |
| 250 ## - EDITION STATEMENT |
| Edition statement |
Изд. 2-е. |
| 260 ## - PUBLICATION, DISTRIBUTION, ETC. |
| Place of publication, distribution, etc. |
Ростов-на-Дону |
| 260 ## - PUBLICATION, DISTRIBUTION, ETC. |
| Name of publisher, distributor, etc. |
Феникс |
| 260 ## - PUBLICATION, DISTRIBUTION, ETC. |
| Date of publication, distribution, etc. |
2008 |
| 300 ## - PHYSICAL DESCRIPTION |
| Extent |
568стр. |
| 653 ## - INDEX TERM--UNCONTROLLED |
| Uncontrolled term |
Детская психология |
| 653 ## - INDEX TERM--UNCONTROLLED |
| Uncontrolled term |
ფსიქოლოგია |
| 942 ## - ADDED ENTRY ELEMENTS (KOHA) |
| Koha item type |
წიგნი |